000 00478nam a22001817a 4500
003 CEME
005 20210628210730.0
008 210212b xxu||||| |||| 00| 0 eng d
020 _a0-7615-2785-0
040 _c.
082 _a004.67 PRO
100 _aZupan, ann proffitt, brian
_980743
245 _aXhtml fast and easy web development
260 _aUSA
_bPRIMA TECH
_c2000
300 _a389P
650 _aWEB DEVELOPMENT WITH XHTML HTML XHTML
_980744
942 _cBK
_2ddc
999 _c585635
_d585635